00492nam a2200145Ia 4500082001600000100001700016245007200033250000800105260005300113300001500166504001900181650005800200650003100258650005700289 a010.1 HUR-; aHurt, Peyton 0aBibliography and footnotes: a style manual for students and writers a3rd aCaliforniabUniversity of California Pressc1968 axii, 163p. aIncludes index aBibliography - Methodology - Handbooks, manuals, etc. aFootnotes, Bibliographical aBibliographical citations - Handbooks, manuals, etc.